SPSS survival manual : (Record no. 19087)

MARC details
000 -LEADER
fixed length control field 00912nam a22002777a 4500
005 - DATE AND TIME OF LATEST TRANSACTION
control field 20150322112855.0
008 - FIXED-LENGTH DATA ELEMENTS--GENERAL INFORMATION
fixed length control field 150322b xxu||||| |||| 00| 0 eng d
020 ## - INTERNATIONAL STANDARD BOOK NUMBER
International Standard Book Number 9780335262588
020 ## - INTERNATIONAL STANDARD BOOK NUMBER
International Standard Book Number 0335262589
040 ## - CATALOGING SOURCE
Original cataloging agency EG-ScBUE
082 00 - DEWEY DECIMAL CLASSIFICATION NUMBER
Edition number 22
Item number PAL
Classification number 005.55
100 1# - MAIN ENTRY--PERSONAL NAME
Personal name Pallant, Julie
245 10 - TITLE STATEMENT
Title SPSS survival manual :
Remainder of title a step by step guide to data analysis using IBM SPSS /
Statement of responsibility, etc Julie Pallant.
250 ## - EDITION STATEMENT
Edition statement 5th ed.
260 ## - PUBLICATION, DISTRIBUTION, ETC. (IMPRINT)
Place of publication, distribution, etc Maidenhead, United Kingdom :
Name of publisher, distributor, etc McGraw Hill,
Date of publication, distribution, etc 2013.
300 ## - PHYSICAL DESCRIPTION
Extent xiv, 354 p. :
Other physical details ill. ;
Dimensions 25 cm.
500 ## - GENERAL NOTE
General note Includes appendixes.
500 ## - GENERAL NOTE
General note index : p. 352-354.
504 ## - BIBLIOGRAPHY, ETC. NOTE
Bibliography, etc Bibliography : p. 347-350.
630 00 - SUBJECT ADDED ENTRY--UNIFORM TITLE
Uniform title SPSS for Windows.
650 ## - SUBJECT ADDED ENTRY--TOPICAL TERM
Topical term or geographic name as entry element Social sciences
General subdivision Research
-- Statistical methods
650 ## - SUBJECT ADDED ENTRY--TOPICAL TERM
Topical term or geographic name as entry element Social sciences
General subdivision Statistical methods
-- Computer programs
653 ## - INDEX TERM--UNCONTROLLED
Resource For college BAEPS, Business Administration
-- Informatics and Computer Science
Arrived date list March2015
655 ## - INDEX TERM--GENRE/FORM
Form subdivision
-- 33728
942 ## - ADDED ENTRY ELEMENTS (KOHA)
Source of classification or shelving scheme Dewey Decimal Classification
Holdings
Withdrawn status Item status Source of classification or shelving scheme Damaged status Not for loan Vendor Home library Current library Shelving location Date acquired Source of acquisition Cost, normal purchase price Total Checkouts Full call number Barcode Date last seen Cost, replacement price Koha item type Total Renewals Date last borrowed
    Dewey Decimal Classification     Baccah Central Library Central Library Lower Floor 22/03/2015   270.00   005.55 PAL 000037669 15/07/2025 338.00 NB - Book (Non borrowing)    
    Dewey Decimal Classification     Baccah Central Library Central Library Lower Floor 22/03/2015     1 005.55 PAL 000037670 15/07/2025   Book - Borrowing 1 28/08/2024
    Dewey Decimal Classification     Baccah Central Library Central Library Lower Floor 22/03/2015       005.55 PAL 000037671 15/07/2025   Book - Borrowing    
    Dewey Decimal Classification     Baccah Central Library Central Library Lower Floor 22/03/2015       005.55 PAL 000037672 15/07/2025   Book - Borrowing    
    Dewey Decimal Classification     Baccah Central Library Central Library Lower Floor 22/03/2015       005.55 PAL 000037673 15/07/2025   Book - Borrowing    
    Dewey Decimal Classification     Baccah Central Library Central Library Lower Floor 22/03/2015       005.55 PAL 000037674 15/07/2025   Book - Borrowing    
    Dewey Decimal Classification     Baccah Central Library Central Library Lower Floor 22/03/2015       005.55 PAL 000037675 15/07/2025   Book - Borrowing